[Event "Panchenko Memorial-B 2021"]
[Site "Chelyabinsk"]
[Date "2021.09.21"]
[Round "10.4"]
[White "Lysenko, Margarita"]
[Black "Guseva, Marina"]
[Result "1/2-1/2"]
[WhiteElo "2207"]
[BlackElo "2418"]
[Annotator "TA"]
[PlyCount "40"]
[EventDate "2021.09.13"]
[EventType "swiss"]
[EventCountry "RUS"]
[SourceTitle "playchess.com"]
[Source "ChessBase"]
[SourceQuality "1"]

{[%evp 9,40,-28,-37,-36,-50,-51,73,-35,158,57,152,144,142,0,0,0,0,0,0,0,0,0,0,0,0,0,0,0,0,0,0,0,0]} 1. e4 e5 2. Nc3 Bc5 3. Na4 Bxf2+ 4. Kxf2 Qh4+ 5. Ke3 Qf4+ $1 6. Kd3 {[#] Threatens to win with Qf3. C25: Vienna Game: Alternatives to 2...Nf6.} d5 $1 7. Kc3 {d4 is the strong threat.} Qxe4 (7... d4+ $15 8. Kb3 Qxe4) 8. Kb3 ({Only move:} 8. d4 $16) 8... Na6 $2 (8... d4 $15 {stays ahead.} 9. c4 Qc6) 9. a3 (9. d4 $1 $16) 9... Qxa4+ 10. Kxa4 $16 Nc5+ {[#]} 11. Kb4 (11. Kb5 $1 $16 {[%cal Rb5c5]} b6 12. d4 exd4 13. Qxd4) 11... a5+ $1 $11 {The position is equal.} 12. Kxc5 Ne7 {( -> ...b6+)} 13. Bb5+ Kd8 {[%csl Gc7][%cal Rb7b6]} 14. Bc6 $1 {[%cal Rc6d5]} b6+ 15. Kb5 Nxc6 16. Kxc6 Bb7+ $1 {[#]} 17. Kb5 $146 (17. Kxb7 Kd7 18. Qg4+ Kd6 19. Qe6+ fxe6 20. h4 Rhb8#) ({Predecessor:} 17. Kxb7 Kd7 18. Qg4+ Kd6 {0-1 (18) Zampaglione,D (1662)-Zampaglione,F (1467) Amantea 2010}) 17... Ba6+ $1 18. Kc6 $1 Bb7+ $1 19. Kb5 $1 (19. Kxb7 {is a self mate.} Kd7 20. Qg4+ Kd6 21. Qe6+ fxe6 22. h4 Rhb8#) 19... Ba6+ $1 20. Kc6 $1 Bb7+ $1 {Weighted Error Value: White=0.30/Black=0.29} 1/2-1/2

[Event "Panchenko Memorial-B 2021"]
[Site "Chelyabinsk"]
[Date "2021.09.21"]
[Round "10.5"]
[White "Bodnaruk, Anastasia"]
[Black "Balabayeva, Xeniya"]
[Result "1-0"]
[WhiteElo "2425"]
[BlackElo "2318"]
[Annotator "ChessBase"]
[PlyCount "67"]
[EventDate "2021.09.13"]
[EventType "swiss"]
[EventCountry "RUS"]
[SourceTitle "playchess.com"]
[Source "ChessBase"]
[SourceQuality "1"]
[TimeControl "5400+30"]

1. e4 {[%emt 0:00:02]} e5 {[%emt 0:00:06]} 2. Bc4 {[%emt 0:03:25]} Nf6 {[%emt 0:00:21]} 3. d3 {[%emt 0:00:11]} c6 {[%emt 0:00:19]} 4. Nf3 {[%emt 0:00:28]} Bb4+ {[%emt 0:01:33]} 5. c3 {[%emt 0:00:37]} Bd6 {[%emt 0:07:13]} 6. d4 {[%emt 0:10:57]} Qe7 {[%emt 0:08:25]} 7. O-O {[%emt 0:03:24]} Bc7 {[%emt 0:08:53]} 8. dxe5 {[%emt 0:10:06]} Bxe5 {[%emt 0:09:00]} 9. Re1 {[%emt 0:12:15]} O-O {[%emt 0:06:30]} 10. Bb3 {[%emt 0:09:26]} d6 {[%emt 0:12:25]} 11. Ng5 {[%emt 0:04:26]} h6 {[%emt 0:04:46]} 12. Nxf7 {[%emt 0:00:55]} Rxf7 {[%emt 0:00:13]} 13. Bxf7+ {[%emt 0:00:29]} Qxf7 {[%emt 0:01:48]} 14. f4 {[%emt 0:00:42]} Ng4 {[%emt 0:03:00]} 15. Rf1 {[%emt 0:09:49]} Bf6 {[%emt 0:12:40]} 16. h3 {[%emt 0:00:33]} h5 {[%emt 0:01:32]} 17. hxg4 {[%emt 0:00:51]} Bxg4 {[%emt 0:00:27]} 18. Qd3 {[%emt 0:13:13]} Nd7 {[%emt 0:02:59]} 19. Be3 {[%emt 0:00:02]} Nc5 {[%emt 0:01:15]} 20. Bxc5 {[%emt 0:01:57]} dxc5 {[%emt 0:00:02]} 21. Nd2 {[%emt 0:00:23]} Rd8 {[%emt 0:03:21]} 22. Qe3 {[%emt 0:02:15]} c4 {[%emt 0:02:55]} 23. Nf3 {[%emt 0:00:33]} Rd3 {[%emt 0:00:24]} 24. Qxa7 {[%emt 0:03:02]} Qg6 {[%emt 0:07:55]} 25. f5 {[%emt 0:02:07]} Qh6 {[%emt 0:00:17]} 26. Nh2 {[%emt 0:05:24]} Be5 {[%emt 0:01:42]} 27. Qc5 {[%emt 0:00:42]} Bxh2+ {[%emt 0:01:06]} 28. Kxh2 {[%emt 0:00:01]} b5 {[%emt 0:00:08]} 29. f6 {[%emt 0:03:23]} gxf6 {[%emt 0:00:45]} 30. Rf2 {[%emt 0:01:13]} f5 {[%emt 0:00:48]} 31. exf5 {[%emt 0:01:10]} Qf6 {[%emt 0:00:54]} 32. Re1 {[%emt 0:00:39]} Rd5 {[%emt 0:01:04]} 33. Re8+ {[%emt 0:00:46]} Kg7 {[%emt 0:00:32]} 34. Qa7+ {[%emt 0:00:09]} 1-0